000 00750nam a2200193Ia 4500
003 GCL
008 140319s9999 xx 000 0 ara d
020 _a0265035977
040 _aGCL /
_cGCL
082 0 4 _a657.3
_bا ا
100 1 _aابوالفتوح على فضالة
245 1 0 _aادارة الاموال فى مشروعات وشركات قطاع الاعمال /
_cابوالفتوح على فضالة
260 _aالقاهرة :
_bدار الكتب العلمية للنشر والتوزيع ،
_c1993
300 _a285 ص ؛
_c24 سم
490 _aسلسلة الكتب العلمية فى المحاسبة وادارة الاعمال
_v2
650 0 4 _aالادارة
650 0 4 _aالادارة المالية
942 _2ddc
_cBK
999 _c46999
_d46999